| 000 | 003870000a22001570004500 | ||
|---|---|---|---|
| 005 | 20120302055349.0 | ||
| 942 | _cBOOK | ||
| 100 | _a Dasganu Sant Kavi | ||
| 245 | _a Sri Dnyaaneshwar Mahaaraaj Yaanche Charita | ||
| 260 | _aNarathwada:Gaargee Deshpande,1988. | ||
| 300 | _a28p. | ||
| 040 | _aMAR | ||
| 365 | _b5/- | ||
| 650 | _aCharitra | ||
| 650 | _aDnyaaneshwar Mahaaraaj-Charitra | ||
| 999 |
_c348206 _d348203 |
||